00981cam a2200265 a 4500001000800000005001700008008004100025010001700066020001500083035002000098040002200118042001400140043003000154050002100184245009900205260008400304300003200388500002000420610004000440650004500480650005800525650005200583650005000635710003000685250787620170123162047.0920831s1994 dcua c 001 0 eng d a 92082761  a1880193035 a(OCoLC)30096514 aDSIcDSIdIUdDLC alccopycat an-us---ae-it---an-us-dc04aN6505b.G85 199402aA Guide to archival sources for Italian-American art history in the Archives of American Art./ aWashington, D.C. :bArchives of American Art, Smithsonian Institution,c[1994?] axi, 73 p. :bill. ;c28 cm. aIncludes index.20aArchives of American ArtvCatalogs. 0aArt, AmericanzItalyxSourcesvCatalogs. 0aArtistszUnited StatesxBiographyxSourcesvCatalogs. 0aArt, ItalianzUnited StatesxSourcesvCatalogs. 0aArtistszItalyxBiographyxSourcesvCatalogs.2 aArchives of American Art.